Представление документа в формате RUSMARC

ПолеНазваниеЗначение
  Тип записи a
  Библиографический уровень a
001 Контрольный номер RU/УОНБ/EK_Kray/509977006
005 Дата корректировки 20240131004913.3
100 Данные общей обработки __
a Данные общей обработки 20160228d2016 ||| 0rusy0189 ca
101 Язык документа 0_
a Язык текста rus
102 Страна публикации __
a Страна публикации RU
105 Кодированные данные (монография) __
a Кодированные данные (монография) y###||||000|y
200 Заглавие и сведения об ответственности 1_
a Заглавие Порядок для природы
f Первые сведения об ответственности Марк Крольский
215 Физическое описание __
c Иллюстрации/тип воспроизводства 1 фот.
225 Серия __
a Серия Проблемы и решения
330 Аннотация __
a Аннотация В Год экологии откроется национальный парк "Сенгилеевские горы".
461 Уровень набора _0
1 2000
a Народная газета
1 011
463 Уровень физической единицы _0
1 001RU/УОНБ/EK_Kray/509975565
1 2000
a 10 фев
v С. 8 - 9
1 210
d 2016
610 Ключевые слова __
a Ключевые слова национальный парк "Сенгилеевские горы"
686 Индексы других классификаций __
a Классификационный индекс 77.4
2 Код системы rubbk
686 Индексы других классификаций __
a Классификационный индекс 20.1
2 Код системы rubbk
700 Автор _1
a Фамилия Крольский
b Имя (инициалы) М.
g Полное личное имя Марк
801 Источник записи _0
a Страна RU
b Организация Ульяновская ОНБ
c Дата составления 20160228
g Правила каталогизации RCR
801 Источник записи _1
a Страна RU
b Организация Ульяновская ОНБ
c Дата составления 20160228
g Правила каталогизации RCR
901 Тип документа __
t Тип документа f
w Контрольный № источника RU/УОНБ/EK_Kray/509975565
909 Создатель записи __
a Создатель записи Образцова
938 Служебная информация __
a Имя БД kraeved_work
b Имя библиотеки УОНБ
c Имя АИБС МАРК-SQL
d Номер DOC_ID в БД 119659